000 00281nam a22001337a 4500
008 210426b ||||| |||| 00| 0 eng d
041 _aeng
080 _a34
082 _a34
100 _a15
101 _aJUR
245 _aAspects of Tsonga Law
_cHartman,J.B
942 _2udc
_cBK
999 _c56781
_d56781